30 Pics in 60: Corporate Logos Quiz Stats

 Plays Quiz not verified by Sporcle

Support Sporcle.
Go Orange.
Score 0/30 Timer 01:00
0 Plays Today
% Correct
Google
79.1%
Apple
77.6%
Pizza Hut
76%
Kellogg's
75.9%
Red Bull
75.5%
Jaguar
75%
LinkedIn
72.9%
Xbox
71.3%
Fila
70.3%
UPS
69.2%
Under Armour
68.4%
Chevrolet
67.2%
Manchester United
66.5%
John Deere
66.2%
Hewlett-Packard
65.6%
% Correct
WhatsApp
65.3%
World Health Organisation
63.6%
Peugeot
62.5%
Reddit
62.2%
Guinness
61.7%
Cadillac
60.3%
Rockstar Games
56.5%
Vodafone
53.2%
Arby's
53.1%
Enterprise Rent-a-Car
50.9%
Armani
50.3%
Twitch
48.6%
Chipotle
47.7%
Jamba Juice
43.6%
TiVo
41.5%

You're not logged in!

Compare scores with friends on all Sporcle quizzes.
OR
Log In

From the Vault

LOTR Prologue

by Pitchmeister

For such a long movie, this is a relatively short beginning.
Remove Ads.
Support Sporcle.
Get the best of Sporcle when you Go Orange. This ad-free experience offers more features, more stats, and more fun while also helping to support Sporcle. Thank you for becoming a member.

Show Comments

Extras

Top Quizzes Today


Score Distribution

Your Account Isn't Verified!

In order to create a playlist on Sporcle, you need to verify the email address you used during registration. Go to your Sporcle Settings to finish the process.

Report this User

Report this user for behavior that violates our Community Guidelines.

Details: